Statistiques concernant Équipe de Belgique - le quiz

Cliquez ici pour prendre le quiz!

Statistiques générales

  • Ce quiz a été pris 38 fois
  • Le résultat moyen est 15 sur 20

Statistiques - réponses

QuestionRéponse% Correct
Comment sont surnommés les joueurs de foot belges ?Les Diables Rouges
100%
Combien de Coupe du Monde a remporté la Belgique ?0
97%
Combientième finie l’équipe lors de la Coupe du Monde 2018 ?3ème
97%
Quel cerveau du milieu de terrain a lui aussi évolué (et même toujours) à Manchester City ?Kevin De Bruyne
97%
Quelle équipe les a éliminés ?France
94%
Quelle star de l’attaque belge durant cette même période et même plus récemment, se prénomme Eden ?Hazard
94%
Qui est actuellement le meilleur buteur de l’histoire de la sélection ?Romelu Lukaku
94%
Quel gardien belge s’illustre durant la compétition ?Thibaut Courtois
94%
Quel chauve, icône de Manchester City, a porté la défense belge dans les années 2010 ?Vincent Kompany
91%
Qui est actuellement l’équipementier de la sélection ?Adidas
82%
En quelle année la Belgique joue-t-elle sa première Coupe du Monde ?1930
76%
Qui prend les rênes de la Belgique en 2016, jusqu’en 2022 ?Roberto Martínez
73%
Dans quel pays celle-ci a-t-elle eu lieu ?Uruguay
73%
À quel stade du Mondial 2022 les belges sont ils éliminés ?Poules
70%
De quel personnage est inspiré le maillot extérieur de la Belgique pour l’Euro 2024 ?Tintin
70%
Qui est actuellement le joueur le plus capé de la sélection belge ?Jan Vertonghen
67%
Quel ancien joueur de l’OM et du Bayern Munich évolue en sélection de 2001 à 2014 ?Daniel Van Buyten
58%
En quelle année la sélection atteint la finale de l’Euro, qui sera perdue contre l’Allemagne ?1980
55%
Qui est actuellement le sélectionneur de l’équipe ?Domenico Tedesco
30%
Quel gardien belge obtient le titre de meilleur gardien du mondial 94 ?Michel Preud'homme
30%

Distribution des résultats

Percentile par nombre de réponses

% des personnes avec chaque résultat

Votre développement - résultats

Vous n’avez pas pris ce quiz